{"text_format":"3","workbook":"xlsx","n_sheets":3,"sheets":["Table 1","Table 2","Table 3"],"not_rendered":{"images":2},"read":"whole","date_system":"1900"}

{"sheet":"Table 1","index":0,"n_rows":1,"n_cols":3,"rows_kept":1}
["HOSPITAL HONDO VALLE\nALMACEN DE MATERIALES DE LIMRIEZA\nME5 OE NOVIEMBRE","AñO 2025","INFORME MENSUAL"]

{"sheet":"Table 2","index":1,"n_rows":26,"n_cols":11,"rows_kept":26,"merged":[[0,7,0,8],[0,9,0,10],[1,7,1,8],[2,7,2,8],[2,9,2,10],[3,7,3,8],[3,9,3,10],[4,7,4,8],[4,9,4,10],[5,7,5,8],[5,9,5,10],[6,7,6,8],[6,9,6,10],[7,7,7,8],[7,9,7,10],[8,7,8,8],[8,9,8,10],[9,7,9,8],[10,9,10,10],[11,9,11,10],[12,7,12,8],[12,9,12,10],[13,7,13,8],[13,9,13,10],[14,7,14,8],[14,9,14,10],[15,7,15,8],[15,9,15,10],[16,7,16,8],[16,9,16,10],[17,7,17,8],[17,9,17,10],[18,7,18,8],[18,9,18,10],[19,7,19,8],[19,9,19,10],[20,7,20,8],[20,9,20,10],[21,7,21,8],[21,9,21,10],[22,7,22,8],[22,9,22,10],[23,7,23,8],[23,9,23,10],[24,7,24,8],[24,9,24,10],[25,7,25,8],[25,9,25,10]]}
["BIEN","UMIDAD ŒE\nMEoioA","EXTSTEMOA\nafmRîoß",null,"EXî5TENCIA\nrlNat","yOTAL\ncocsUMo","0ALOfi\nunrrAAio","CALOg TOTAŁ\nconsUfHiÖo",null,"VALOR TOTAL\nEximnci   rim"]
["ACE CIELO AZUŁ","LIBRA",160,0,"t54",6,{"v":30,"d":"$30.00"},{"v":180,"d":"$ 180.00"},null,"Ş",{"v":4620,"d":"4,620.00"}]
["JABON DE FREGAR LIQUIDO","UNIDAD",31,0,29,2,{"v":75,"d":"$75.00"},{"v":75,"d":"$75.00"},null,{"v":2175,"d":"$ 2,175.00"}]
["BRILLO INOXIDABt E","UNIDAD",77,0,75,2,{"v":12,"d":"$12.00"},{"v":24,"d":"$ 24.00"},null,{"v":900,"d":"$ 900.00"}]
["8RILLO VERDE","UNIDAD",79,0,77,2,"$î  5.00",{"v":30,"d":"$ 30.00"},null,{"v":1155,"d":"$ 1,155.00"}]
["ESCOBAS         ","UNIDAD",14,0,14,0,"$175.U0","S",null,{"v":2450,"d":"$ 2,450.00"}]
["SUAPE","UNII3AD","IS",0,15,0,{"v":175,"d":"$175.00"},"$",null,"$            2,625.OF"]
["PAPEL DE BAŃO","UNIDAD",523,0,"SIS",8,{"v":15,"d":"$15.00"},{"v":120,"d":"$ 120.00"},null,{"v":7725,"d":"$ 7,725.00"}]
["PAPEL DE ALUMINIO","UNIDAD",16,0,15,"ł",{"v":100,"d":"$100.00"},"$           TOO.00",null,{"v":1500,"d":"$ 1,500.00"}]
["FUNDA AZUt","PAQ 1/100","SI",0,47,4,"$180.ŒJ",{"v":720,"d":"$ 720.00"},null,"S",{"v":8460,"d":"8,460.00"}]
["FUNDA NEGRA PRQ","PAQ  t/1U0",5,0,4,1,{"v":50,"d":"$50.00"},"s","s0.00",{"v":200,"d":"$ 200.00"}]
["FUNDA NEGRA GRAND£","PAQ 1/i00",20,0,19,1,"$180.OSI","S",{"v":180,"d":"180.00"},"$           3,42U.00"]
["GtJANTES DE GOMAS par","UNIOAD",33,0,32,1,"$26?.00",{"v":265,"d":"$ 265.00"},null,"$           8,480 00"]
["JABON CANDADO","UNIDAO","US",0,113,2,{"v":10,"d":"$10.00"},{"v":20,"d":"$ 20.00"},null,"$           1,t30.00"]
["CLORO CŁOŁTOX","ÛALONES",268,0,248,20,{"v":100,"d":"$100.00"},{"v":2000,"d":"$ 2,000.00"},null,{"v":24800,"d":"$ 24,800.00"}]
["MISTOLIN","GALONES",208,0,198,10,{"v":100,"d":"$100.00"},"$       1,000.@",null,{"v":19800,"d":"$ 19,800.00"}]
["LIMPIA CRYSTAL","UNIDAD",14,0,14,0,{"v":100,"d":"$100.00"},{"v":100,"d":"$100.00"},null,{"v":1300,"d":"$1,300.00"}]
["ESCOBILLA DE BAÑO","UNIDAD",6,0,"G",0,{"v":75,"d":"$ 75.00"},null,null,{"v":450,"d":"$450.00"}]
["FUNDA ROJAS","PAQ 1/ 100",60,0,59,1,{"v":410,"d":"$410.00"},{"v":410,"d":"$ 410.00"},null,{"v":24190,"d":"$ 24,190.00"}]
["ARISOLIN","UNIDAD",16,0,15,1,{"v":165,"d":"$165.00"},{"v":165,"d":"$ 165.00"},null,"$           2,475.Œł"]
["JABON ŁIQUIOO OF. LAVAR","GALONES","2g",0,27,1,{"v":324,"d":"$324.00"},{"v":324,"d":"$ 324.00"},null,"$           8,748.TO"]
["AMBIENTADORES","UNIDAD",23,"\"             0",22,1,{"v":300,"d":"$300.00"},"$           300.ŒI",null,"$           6,ô00.00"]
["ZAFACON ROJO","UNIDAD",3,0,3,0,{"v":925,"d":"$925.00"},"Ş",null,{"v":2775,"d":"$ 2,775.00"}]
["ZAFACON PEQ","UNIDAD",15,0,15,"\"    0",{"v":5175,"d":"5175.00"},"$",null,{"v":2625,"d":"$ 2,625.00"}]
["PAPEt DISPENSADOL  CRCULO","UNIDAD",26,0,23,3,{"v":95,"d":"$95.00"},"$           2B5.00",null,{"v":2185,"d":"$ 2,185.00"}]
["PAPEL DISPENSADOŁ  REDONDO","UNIDAD",56,0,54,2,{"v":60,"d":"$60.00"},{"v":120,"d":"$ 120.00"},null,"$           3, 240.00"]

{"sheet":"Table 3","index":2,"n_rows":1,"n_cols":3,"rows_kept":1}
["ENCARGADA  DE DESPENSA","Valor Consumldo=   $\nValor Total Exif Final =    $","14,028.OO"]